logo

Bir Sreshtho Munshi Abdur Rouf Library
Jhenaidah Cadet College

গায়এী সন্ধ্যা / (Record no. 952)

MARC details
000 -LEADER
fixed length control field 00677nam a22002417a 4500
001 - CONTROL NUMBER
JCCL Control Number 952
003 - CONTROL NUMBER IDENTIFIER
JCCL marc code BD-JhCC
005 - DATE AND TIME OF LATEST TRANSACTION
control field 20200124134008.0
008 - FIXED-LENGTH DATA ELEMENTS--GENERAL INFORMATION
fixed length control field 171011s2003 bg |||| |||| 00| 0 ben d
020 ## - INTERNATIONAL STANDARD BOOK NUMBER
International Standard Book Number 9844584094
035 ## - SYSTEM CONTROL NUMBER
system control number (BD-JhCC)952
040 ## - CATALOGING SOURCE
Original cataloging agency BD-JhCC
Modifying agency BD-JhCC
041 ## - LANGUAGE CODE
Language code of Book ben
082 ## - DEWEY DECIMAL CLASSIFICATION NUMBER
Classification number 891.443
Author mark and Year HOS 2003
100 ## - MAIN ENTRY--PERSONAL NAME
Personal name হোসেন, সেলিনা
245 ## - TITLE STATEMENT
Title গায়এী সন্ধ্যা /
Statement of responsibility, etc সেলিনা হোসেন
260 ## - PUBLICATION, DISTRIBUTION, ETC. (IMPRINT)
Place of publication, distribution, etc ঢাকাঃ
Name of publisher, distributor, etc সময় প্রকাশনী,
Date of publication, distribution, etc 2003
300 ## - PHYSICAL DESCRIPTION
Pagination 735 p. :
Dimensions 21 cm.
650 ## - SUBJECT ADDED ENTRY--TOPICAL TERM
Topical term or geographic name as entry element Bengali Novel
651 ## - SUBJECT ADDED ENTRY--GEOGRAPHIC NAME
Geographic name Bangladesh
942 ## - ADDED ENTRY ELEMENTS (KOHA)
Source of classification or shelving scheme Dewey Decimal Classification
Koha item type Books
Koha issues (borrowed), all copies 2
Holdings
Source of classification or shelving scheme Damaged status Not for loan Home library Current library Shelving location Date of accession Source of acquisition Cost, normal purchase price Total Checkouts Full call number Barcode Date last seen Copy number Koha item type Date checked out
Dewey Decimal Classification     JCC Rouf Library JCC Rouf Library General Stacks 10/11/2017 Foundation of tenth's Efforts 450.00   891.443 HOS 2003 1839 10/11/2017 C-1 Books  
Dewey Decimal Classification     JCC Rouf Library JCC Rouf Library General Stacks 05/23/2024 Zahedee Foundation 450.00 2 891.443 HOS 2003 2883 05/23/2024 C-2 Books 09/11/2022
Dewey Decimal Classification     JCC Rouf Library JCC Rouf Library General Stacks 10/24/2017 Md.Nasser shaherer Zahedee 600.00 1 891.443 HOS 2003 2580 09/08/2024 C-3 Books 08/22/2024

JCC Library | Contacts | JCC Home

Last Update on 23 September 2017
Copyright @ 2017-2020 JCC Rouf Library
Rouf Library, Jhenidah Cadet College (JCC), Bangladesh